000 00483nam a2200169 i 4500
001 45290
003 ES-MaACL
005 20230906161207.0
007 t|
008 030325s1963 sp ||||1| spa d
100 1 _aCoccioli, Carlo.
_939389
245 1 3 _aUn suicidio /
_cCarlo Coccioli ; [versión española de Blanca Chacel].
260 _aBarcelona :
_bCaralt,
_c[1963]
300 _a247 p. ;
_c24 cm.
700 1 _aChacel, Blanca.
_937749
852 _aES-MaACL
_jC-23881
_bR.52386
999 _c45290
_d45290